|
|
|
|
| LEADER |
00000cam a2200000 4500 |
| 001 |
vtls012084457 |
| 003 |
SK-MaSNL |
| 005 |
20260426010711.0 |
| 008 |
220124s2022 xo a grni 000 0 hun |
| 015 |
|
|
|a SNBA2022/05
|
| 020 |
|
|
|a 9788097412906
|q (brožované)
|
| 040 |
|
|
|a SNK
|b slo
|c SNK
|e rda
|
| 041 |
0 |
|
|a hun
|
| 044 |
|
|
|a xo
|c SK
|
| 072 |
|
7 |
|a 37
|x Výchova a vzdelávanie
|2 konspekt
|
| 072 |
|
7 |
|a 371
|x Školstvo (organizácia)
|2 konspekt
|
| 080 |
|
|
|a 37.01/.09
|2 2011
|
| 080 |
|
|
|a 371:303.094.5
|2 2011
|
| 080 |
|
|
|a 37.011/.012
|2 2011
|
| 080 |
|
|
|a (048.83)
|2 2011
|
| 100 |
1 |
|
|a Szarka, Katarína,
|d 1976-
|4 aut
|9 220130
|
| 245 |
1 |
3 |
|a Az értékelés háttéraspektusai az oktatásban
|c Szarka Katalin
|
| 250 |
|
|
|a Kiadás első
|
| 264 |
|
1 |
|a Dunaszerdahely
|b Grafis Media, Kft.
|c 2022
|
| 300 |
|
|
|a 65 strán
|b tabuľky
|c 20 cm
|
| 336 |
|
|
|a text
|b txt
|2 rdacontent
|
| 337 |
|
|
|a bez média
|b n
|2 rdamedia
|
| 338 |
|
|
|a zväzok
|b nc
|2 rdacarrier
|
| 366 |
|
|
|e 100 kusov
|
| 504 |
|
|
|a Bibliografia na strane 57-62 ; register
|
| 650 |
0 |
7 |
|a vzdelávanie
|2 SNKPH
|9 4033
|
| 650 |
0 |
7 |
|a hodnotenie vzdelávacieho systému
|2 SNKPH
|9 71750
|
| 650 |
0 |
7 |
|a pedagogická evalvácia
|2 SNKPH
|9 4127
|
| 650 |
0 |
7 |
|a Education
|2 SNKPHeng
|9 265320
|
| 650 |
0 |
7 |
|a Evaluation of educational system
|2 SNKPHeng
|9 672334
|
| 650 |
0 |
7 |
|a Educational evaluation
|2 SNKPHeng
|9 328571
|
| 655 |
|
7 |
|a analýzy
|2 SNKPH
|9 22242
|
| 655 |
|
7 |
|a Analytic studies
|2 SNKPHeng
|9 278714
|
| 752 |
|
|
|a Slovensko
|d Dunajská Streda
|
| 919 |
|
|
|a 978-80-974129-0-6
|
| 954 |
|
|
|a odborná, vedecká literatúra pôvodná (slovenská)
|2 lita
|
| 958 |
|
|
|a NB
|
| 999 |
|
|
|c 1042003
|d 1043933
|
| 952 |
|
|
|a SNK
|b SNK
|y PREZ
|7 0
|p 17A1482137
|o snkSC 197096
|i snk2022/6247
|8 0
|0 0
|1 0
|4 0
|d 2022-04-27
|f 1
|l 0
|r 2025-10-16 00:00:00
|w 2026-02-24
|